Jan Patočka, Platon et l’Europe. Traducido del checo y del alemán por Erika Abrams. Nueva edición revisada y ampliada. Verdier, «Philosophie», 2025, 448 páginas, 26 €. (notice n° 1830395)

détails MARC
000 -LEADER
fixed length control field 00764cam a2200157 4500500
005 - DATE AND TIME OF LATEST TRANSACTION
control field 20260329004055.0
041 ## - LANGUAGE CODE
Language code of text/sound track or separate title fre
042 ## - AUTHENTICATION CODE
Authentication code dc
100 10 - MAIN ENTRY--PERSONAL NAME
Personal name Ribereau-Gayon, Philippe
Relator term author
245 00 - TITLE STATEMENT
Title Jan Patočka, Platon et l’Europe. Traducido del checo y del alemán por Erika Abrams. Nueva edición revisada y ampliada. Verdier, «Philosophie», 2025, 448 páginas, 26 €.
260 ## - PUBLICATION, DISTRIBUTION, ETC.
Date of publication, distribution, etc. 2025.<br/>
500 ## - GENERAL NOTE
General note 64
520 ## - SUMMARY, ETC.
Summary, etc. Artemisia, expuesta en el Museo Jacquemart-André, es un retrato de aquellas mujeres que se rebelan contra la violencia masculina, haciéndose eco de su propia historia.
786 0# - DATA SOURCE ENTRY
Note Études | Jui | 6 | 2025-05-21 | p. 130-131
856 41 - ELECTRONIC LOCATION AND ACCESS
Uniform Resource Identifier <a href="https://shs.cairn.info/revista-etudes-2025-6-page-130?lang=es&redirect-ssocas=7080">https://shs.cairn.info/revista-etudes-2025-6-page-130?lang=es&redirect-ssocas=7080</a>

Pas d'exemplaire disponible.

PLUDOC

PLUDOC est la plateforme unique et centralisée de gestion des bibliothèques physiques et numériques de Guinée administré par le CEDUST. Elle est la plus grande base de données de ressources documentaires pour les Étudiants, Enseignants chercheurs et Chercheurs de Guinée.

Adresse

627 919 101/664 919 101

25 boulevard du commerce
Kaloum, Conakry, Guinée

Réseaux sociaux

Powered by Netsen Group @ 2025